000 00302nam a22001337a 4500
008 210302b ||||| |||| 00| 0 eng d
020 _a0697084450
041 _aeng
080 _a070
100 _a39
101 _aMED
245 _aIntroduction to Human Communication
_cGibson,W.J
942 _2udc
_cBK
999 _c55441
_d55441